Statistik utama : Perak

Bibliographic Details
Format: Book
Published: Perak : Jabatan Perangkaan Malaysia Negeri Perak , 2009-
Subjects:

MARC

LEADER 00000cam a2200000 7i4500
001 0000003925
005 20111124.0
022 0 0 |a 1985-9112 
090 0 0 |a 315.95114   |b SUP 2009 
245 0 0 |a Statistik utama :   |b Perak 
260 0 0 |a Perak :   |b Jabatan Perangkaan Malaysia Negeri Perak ,   |c 2009- 
300 |a vii.83 p :   |b .ill (col) ;   |c 21 cm. 
500 0 0 |a Annual 
650 0 0 |a Perak   |x Statistics, Vital   |x Periodicals 
650 0 0 |a Perak   |x Statistics   |x Periodicals 
850 |a JPSM (2009) 
999 |a 007707   |b Monograph   |c Open Shelf   |e Default branch